Business communication skills: (Record no. 2344)

MARC details
000 -LEADER
fixed length control field 00586nam a22002057a 4500
003 - CONTROL NUMBER IDENTIFIER
control field OSt
005 - DATE AND TIME OF LATEST TRANSACTION
control field 20151021143044.0
008 - FIXED-LENGTH DATA ELEMENTS--GENERAL INFORMATION
fixed length control field 151021b xxu||||| |||| 00| 0 eng d
020 ## - INTERNATIONAL STANDARD BOOK NUMBER
International Standard Book Number 9970067020
040 ## - CATALOGING SOURCE
Transcribing agency DDC
082 ## - DEWEY DECIMAL CLASSIFICATION NUMBER
Classification number 005.1 MAB 2005
100 ## - MAIN ENTRY--PERSONAL NAME
Personal name Mabel, Komunda Birungi
9 (RLIN) 5881
245 ## - TITLE STATEMENT
Title Business communication skills:
Remainder of title improving communication skills the wayforward.
250 ## - EDITION STATEMENT
Edition statement 2nd ed.
260 ## - PUBLICATION, DISTRIBUTION, ETC. (IMPRINT)
Place of publication, distribution, etc. Kampala;
Name of publisher, distributor, etc. Mukono Bookshop,
Date of publication, distribution, etc. 2005
300 ## - PHYSICAL DESCRIPTION
Extent xii,436p;
Other physical details ill:
Dimensions 20cm
504 ## - BIBLIOGRAPHY, ETC. NOTE
Bibliography, etc References included
650 ## - SUBJECT ADDED ENTRY--TOPICAL TERM
Topical term or geographic name as entry element Business Communication
9 (RLIN) 5408
942 ## - ADDED ENTRY ELEMENTS (KOHA)
Source of classification or shelving scheme Other/Generic Classification Scheme
Koha item type Short Loan
Holdings
Withdrawn status Lost status Source of classification or shelving scheme Damaged status Not for loan Home library Current library Date acquired Source of acquisition Inventory number Total Checkouts Full call number Barcode Date last seen Koha item type
    Dewey Decimal Classification     MUST Main Library MUST Main Library 21/10/2015   15/39420   384 BIR 2005 2015-2356 21/10/2015 Short Loan